| 000 | 00614nam a2200193 i 4500 | ||
|---|---|---|---|
| 001 | 50545 | ||
| 003 | ES-MaACL | ||
| 005 | 20250820142632.0 | ||
| 007 | t| | ||
| 008 | 030805s1965 sp ||||1| spa d | ||
| 100 | 1 |
_aChabrun, Jean-Francois. _937744 |
|
| 245 | 1 | 0 |
_aGoya / _cJean-Francois Chabrun ; traducción de Carlos M. Barbeito ; revisión y dirección Teodoro Miciano. |
| 260 |
_aMadrid : _bDaimón, _c[1965] |
||
| 300 |
_a270 p. : _bil. ; _c21 cm. |
||
| 700 | 1 |
_aBarbeito, M. _925398 |
|
| 700 | 1 |
_aMiciano, Teodoro, _d1903-1974 _980944 |
|
| 852 |
_aES-MaACL _jC-33277 _bR.64124 |
||
| 999 |
_c50545 _d50545 |
||